000 00492nam a2200205Ia 4500
001 13440
003 GE_BSU
008 181216s||||||||xx |||||||||||||| ||und||
020 _a9780603037238
040 _cGE_BSU
080 _a94(410.1)
100 _aBrett,Bernard
245 _aHistory of world seapower
260 _aLondon
260 _c1985
300 _a256p.ill.30cm.
653 _aHistory of world seapower
653 _aმსოფლიო ისტორია
942 _cBK
999 _c46600
_d46600